Orașe moldovenești – moarte subită - Statistics

General Stats
  • This quiz has been taken 104 times
  • The average score is 7 of 20
Answers on the Grid
Answers color-coded by a green-red scale on the quiz's grid according to % correct below.
Bălți
Bacău
Cahul
Vinița
Chișinău
Ceadîr-Lunga
Dubăsari
Edineț
Fălești
Vaslui
Tulcea
Baja
Grigoriopol
Sevastopol
Simferopol
Ialoveni
Leova
Nisporeni
Orhei
Otaci
Soroca
Mioveni
Rădăuți
Sighișoara
Ștefan Vodă
Tiraspol
Ungheni
Vulcănești
Anenii Noi
Cricova
 
Answer Stats
Answer % Correct
Tiraspol
64%
Ungheni
64%
Bălți
45%
Chișinău
45%
Anenii Noi
36%
Cahul
36%
Dubăsari
36%
Nisporeni
36%
Orhei
36%
Ștefan Vodă
36%
Edineț
27%
Fălești
27%
Grigoriopol
27%
Leova
27%
Vulcănești
27%
Ceadîr-Lunga
18%
Ialoveni
18%
Otaci
18%
Soroca
18%
Cricova
9%
No matching quizzes found
Score Distribution
Percent of People with Each Score
Percentile by Number Answered
Your Score History
You have not taken this quiz